| 000 | 00664nam a22002177a 4500 | ||
|---|---|---|---|
| 999 |
_c4484 _d4484 |
||
| 003 | AR-CdUCM | ||
| 008 | 190308b ||||| |||| 00| 0 eng d | ||
| 040 |
_aMUNICIPALIDAD PROVINCIAL DEL CUSCO _cBIBLIOTECA MUNICIPAL DEL CUSCO |
||
| 082 |
_a828.99 / _bR53 |
||
| 100 |
_aRichmond, Angus _99641 |
||
| 245 | _aA kind of living / | ||
| 260 |
_aLa Habana : _bCasa de las Américas, _c1978. |
||
| 300 |
_a188 paginas ; _c19 cm. |
||
| 440 |
_aCasa de las américas, _914080 |
||
| 505 | _aContenido :Novela / | ||
| 650 |
_aNovelas guyaneses _914081 |
||
| 650 |
_aSiglo XX _98 |
||
| 700 |
_aMaria Teresa Orgtega (editor) _914082 |
||
| 942 |
_2ddc _cLIBROS |
||
| 945 | _arjall | ||